Libros eternos para la juventud. (Registro nro. 41329)
[ vista simple ]
| 000 -LEADER | |
|---|---|
| fixed length control field | 01785cam a2200457 i 4500 |
| 001 - CONTROL NUMBER | |
| control field | 41329 |
| 003 - CONTROL NUMBER IDENTIFIER | |
| control field | Mx-PuUPA |
| 005 - DATE AND TIME OF LATEST TRANSACTION | |
| control field | 20251009131226.0 |
| 008 - FIXED-LENGTH DATA ELEMENTS--GENERAL INFORMATION | |
| fixed length control field | 140415s1967 sp a gr 000 f spa d |
| 017 ## - COPYRIGHT OR LEGAL DEPOSIT NUMBER | |
| Copyright or legal deposit number | M. 19.329-1967 |
| 040 ## - CATALOGING SOURCE | |
| Transcribing agency | Mx-PuUPA |
| Original cataloging agency | Mx-PuUPA |
| Language of cataloging | spa |
| Modifying agency | Mx-PuUPA |
| Description conventions | rda |
| 041 1# - LANGUAGE CODE | |
| Language code of text/sound track or separate title | spa |
| Language code of original | eng |
| 110 2# - MAIN ENTRY--CORPORATE NAME | |
| Corporate name or jurisdiction name as entry element | Reader's Digest Selecciones (Firm) |
| 9 (RLIN) | 17547 |
| Relator term | autor |
| 240 10 - UNIFORM TITLE | |
| Uniform title | Novela. |
| Form subheading | Selecciones. |
| 245 10 - TITLE STATEMENT | |
| Title | Libros eternos para la juventud. |
| Number of part/section of a work | Volumen II / |
| Statement of responsibility, etc. | Selecciones del Reader's Digest |
| 264 #1 - PRODUCTION, PUBLICATION, DISTRIBUTION, MANUFACTURE, AND COPYRIGHT NOTICE | |
| Place of production, publication, distribution, manufacture | Madrid : |
| Name of producer, publisher, distributor, manufacturer | Selecciones del Reader's Digest (Iberia), |
| Date of production, publication, distribution, manufacture, or copyright notice | ©1967 |
| 300 ## - PHYSICAL DESCRIPTION | |
| Extent | 369 páginas : |
| Other physical details | ilustraciones ; |
| Dimensions | 24 cm |
| 336 ## - CONTENT TYPE | |
| Fuente | rdacontent |
| Content type term | texto |
| Content type code | txt |
| 336 ## - CONTENT TYPE | |
| Fuente | rdacontent |
| Content type term | imagen fija |
| Content type code | sti |
| 337 ## - MEDIA TYPE | |
| Source | rdamedia |
| Media type term | sin medio |
| Media type code | n |
| 338 ## - CARRIER TYPE | |
| Source | rdacarrier |
| Carrier type term | volumen |
| Carrier type code | nc |
| 505 0# - FORMATTED CONTENTS NOTE | |
| Title | Mujercitas / |
| Statement of responsibility | por Louisa M. Alcott. |
| 505 0# - FORMATTED CONTENTS NOTE | |
| Title | La llamada de la selva / |
| Statement of responsibility | por Jack London. |
| 505 0# - FORMATTED CONTENTS NOTE | |
| Title | La isla del tesoro / |
| Statement of responsibility | por Robert Louis Stevenson. |
| 600 30 - SUBJECT ADDED ENTRY--PERSONAL NAME | |
| Personal name | Familia March |
| Form subdivision | Ficción |
| 650 #7 - SUBJECT ADDED ENTRY--TOPICAL TERM | |
| Source of heading or term | armarc |
| Topical term or geographic name entry element | Novela estadounidense |
| Chronological subdivision | Siglo XX |
| 650 #7 - SUBJECT ADDED ENTRY--TOPICAL TERM | |
| Source of heading or term | armarc |
| Topical term or geographic name entry element | Mujeres casadas |
| Geographic subdivision | Inglaterra |
| Form subdivision | Novela |
| 650 #7 - SUBJECT ADDED ENTRY--TOPICAL TERM | |
| Source of heading or term | armarc |
| Topical term or geographic name entry element | Tesoros ocultos |
| Form subdivision | Novela juvenil |
| 651 #4 - SUBJECT ADDED ENTRY--GEOGRAPHIC NAME | |
| Geographic name | Valle del río Klondike (Yukón) |
| Form subdivision | Novela |
| 651 #4 - SUBJECT ADDED ENTRY--GEOGRAPHIC NAME | |
| Geographic name | Área del Caribe |
| General subdivision | Historia |
| Chronological subdivision | Siglo XVIII |
| Form subdivision | Novela juvenil |
| 700 1# - ADDED ENTRY--PERSONAL NAME | |
| Personal name | Alcott, Louisa M., |
| Title of a work | Little women. |
| Language of a work | Español |
| 700 1# - ADDED ENTRY--PERSONAL NAME | |
| Personal name | London, Jack, |
| Title of a work | The call of the wild. |
| Language of a work | Español |
| 700 1# - ADDED ENTRY--PERSONAL NAME | |
| Personal name | Stevenson, Robert Louis, |
| Title of a work | Treasure island. |
| Language of a work | Español |
| 740 02 - ADDED ENTRY--UNCONTROLLED RELATED/ANALYTICAL TITLE | |
| Uncontrolled related/analytical title | Mujercitas. |
| 740 32 - ADDED ENTRY--UNCONTROLLED RELATED/ANALYTICAL TITLE | |
| Uncontrolled related/analytical title | La llamada de la selva. |
| 740 32 - ADDED ENTRY--UNCONTROLLED RELATED/ANALYTICAL TITLE | |
| Uncontrolled related/analytical title | La isla del tesoro. |
| 942 ## - ADDED ENTRY ELEMENTS (KOHA) | |
| Source of classification or shelving scheme | Dewey Decimal Classification |
| Koha item type | Libro |
| Classification part | 813.4 |
| Item part | L6418 |
| Withdrawn status | Lost status | Source of classification or shelving scheme | Damaged status | Not for loan | Collection code | Home library | Current library | Shelving location | Date acquired | Source of acquisition | Serial Enumeration / chronology | Total Checkouts | Full call number | Barcode | Date last seen | Price effective from | Koha item type |
|---|---|---|---|---|---|---|---|---|---|---|---|---|---|---|---|---|---|
| Dewey Decimal Classification | General | Biblioteca Karol Wojtyla | Biblioteca Karol Wojtyla | Sala general | 03/12/2013 | Donación | v.2 | 813.4 L6418 1967 | 62346 | 05/01/2026 | 03/12/2013 | Libro |